000 00668nam a2200229Ia 4500
005 20230621093645.0
008 131103s9999 xx 000 0 und d
020 _a041502785 3
_c11.99 pds
040 _aLoreto College
041 _aEnglish
082 _a940.5
_bLEE
100 _aLee,Stephen J.
245 4 _aThe European dictatorships 1918 - 1945
_cStephen J.Lee
260 _aLondon
_bRoutledge (1996 printing)
_cxv,343 p.
300 _bill.,maps 22 cm.
504 _aIncludes bibliographical references and index
630 _aEurope - Modern History,1918 - 1945
650 _aModern History
651 _aDictatorships
850 _aLCLIB
942 _cBK
999 _c4009
_d54488